000 00330nam a2200133Ia 4500
005 20260328104247.0
008 260328s9999||||xx |||||||||||||| ||und||
100 _aSantini, Pier Carlo
245 0 _aZodiac 16 /
_cPier Carlo Santini
260 _bEdizioni di Comunità
300 _a237 p.
650 _aARQUITECTURA
942 _cBK
999 _c10111
_d10111